مكتبة جامعة عجلون الوطنية

فهرس بحث المكتبة

Normal view MARC view
  • الاقتصاد -- معاجم -- الاقتصاد -- مصطلحات -- المالية -- معاجم -- إدارة الأعمال -- مصطلحات -- إدارة الأعمال -- معاجم

Entry Topical Term

Number of records used in: 1

001 - CONTROL NUMBER

  • control field: 27534

003 - CONTROL NUMBER IDENTIFIER

  • control field: JO-AjAnu

005 - DATE AND TIME OF LATEST TRANSACTION

  • control field: 20230606074657.0

008 - FIXED-LENGTH DATA ELEMENTS

  • fixed length control field: 230606|| aca||aabn | a|a d

040 ## - CATALOGING SOURCE

  • Original cataloging agency: JO-AjAnu
  • Transcribing agency: JO-AjAnu

150 ## - HEADING--TOPICAL TERM

  • Topical term or geographic name entry element: الاقتصاد -- معاجم -- الاقتصاد -- مصطلحات -- المالية -- معاجم -- إدارة الأعمال -- مصطلحات -- إدارة الأعمال -- معاجم

670 ## - SOURCE DATA FOUND

  • Source citation: Work cat.: (JO-AjAnu)14139: إعداد نبيه غطاس, author 27533, معجم مصطلحات الاقتصاد والمال وإدارة الأعمال : إنجليزي-عربي